000 00701nam a2200193Ii 4500
003 JO-AjNU
008 230605s9999||||xx |||||||||||||| ||und||
040 _aJO-AjNU
_bara
_erda
_cJO-AjNU
041 _aara
050 1 4 _aQA95 1991
100 3 _aعبد المقصود ، عصمت/ م مشارك سمير احسان مارديني ,
_eauthor
_921156
245 0 0 _aالالعاب والالغازالرياضية المسلية
264 3 1 _aالقاهرة:دار المعارف ، 1991
300 _a156ص
336 _atext
_btxt
_2rdacontent
337 _aunmediated
_bn
_2rdamedia
338 _avolume
_bnc
_2rdacarrier
650 4 _aالغاز رياضية -الرياضة الذهنية
_921157
999 _aA7302
_c10870
_d10870